[Event "HCL-B271"]
[Site "www.playchess.de"]
[Date "2001.04.03"]
[Round "5"]
[White "Daniel_Macintyre"]
[Black "vijal"]
[WhiteElo "1200"]
[BlackElo "740"]
[PlyCount "49"]
[Result "1-0"]

1.d4 d5 2.c4 dxc4 3.Nc3 c6 4.a4 e6 5.e4 Bb4 6.Bxc4 
h6 7.Nf3 Nf6 8.e5 Nd5 9.Bd2 Nxc3 10.bxc3 Ba5 
11.O-O Nd7 12.Qc1 Nb6 13.Bb3 Nd5 14.Re1 O-O 
15.Bxh6 Bxc3 16.Re4 Bxa1 17.Rg4 Ne7 18.Bxg7 Ng6 
19.Qh6 Bxd4 20.Nxd4 Qa5 21.h3 Qe1+ 22.Kh2 Bd7 
23.Nf3 Qxf2 24.Nh4 Qe2 25.Nxg6 {If I had moved 
24Ng5 I would have threatened mate in 1 with qh7} 
 1-0

[Event "HCL-B271"]
[Site "www.playchess.de"]
[Date "2001.04.03"]
[Round "9"]
[White "Lycanth"]
[Black "Outeralert"]
[WhiteElo "1305"]
[BlackElo "1500"]
[PlyCount "72"]
[Result "0-1"]

1.e4 {hya !}  d6 2.d4 Nf6 3.Nc3 g6 4.Bd3 Bg7 5.Nf3 
O-O 6.Be3 Nbd7 7.O-O c5 8.Qd2 cxd4 9.Nxd4 Ng4 
10.Nf3 Nxe3 11.fxe3 b6 12.Rad1 Bb7 13.Nd4 Ne5 
14.Be2 a6 15.a4 Qd7 16.b3 Rac8 17.Rf2 Qc7 18.Nd5 
Bxd5 19.exd5 Rca8 20.Ra1 Nd7 21.Rc1 Nf6 22.c4 Ne4 
23.Qb4 Nxf2 24.Kxf2 Bxd4 25.exd4 a5 26.Qb5 Rae8 
27.c5 dxc5 28.dxc5 Qf4+ 29.Bf3 Qxc1 30.cxb6 Qd2+ 
31.Kg3 Qb4 32.Qxb4 axb4 33.d6 exd6 34.b7 Re3 35.a5 
Rxb3 36.a6 Ra3 0-1

[Event "HCL-B275"]
[Site "www.playchess.de"]
[Date "2001.04.03"]
[Round "8"]
[White "vijal"]
[Black "Savage"]
[WhiteElo "740"]
[BlackElo "1435"]
[PlyCount "68"]
[Result "0-1"]

1.d4 Nf6 2.Nf3 g6 3.e3 Bg7 4.c4 O-O 5.Nc3 d6 6.b3 
c5 7.Bb2 Nc6 8.Rc1 Bf5 9.Bd3 Bg4 10.h3 Bxf3 
11.Qxf3 cxd4 12.exd4 e5 13.dxe5 Nxe5 14.Qd1 Nxd3+ 
15.Qxd3 Re8+ 16.Ne2 Qa5+ 17.Qc3 Qg5 18.Qf3 Re7 
19.O-O Rae8 20.Nf4 Ne4 21.Bxg7 Kxg7 22.Nd5 R7e5 
23.Rfe1 Nd2 24.Qc3 f6 25.Rxe5 dxe5 26.Rd1 Ne4 
27.Qb4 b6 28.Qa4 Rf8 {Your moves certainly 
indicate that you are much much stronger than 740 
rating.}  29.Qxa7+ Rf7 30.Qe7 Rxe7 31.Nxe7 Qf4 
32.Rd7 Qxf2+ 33.Kh2 Kf8 34.Nc6 
h5 0-1

[Event "HCL-B275"]
[Site "www.playchess.de"]
[Date "2001.04.03"]
[Round "12"]
[White "ericlep2"]
[Black "vijal"]
[WhiteElo "1200"]
[BlackElo "740"]
[PlyCount "33"]
[Result "1-0"]

1.d4 d5 2.c4 dxc4 3.e4 c6 4.Bxc4 e6 5.Nc3 Nf6 
6.Bg5 Be7 7.Nf3 h6 8.Bh4 Nbd7 9.O-O O-O 10.Re1 b5 
11.Bb3 a5 12.Bc2 Bb7 13.Rc1 Rc8 14.a3 Nb6 15.Qd3 
Nc4 16.e5 Nd5 17.Qh7+ 1-0

[Event "HCL-C270"]
[Site "www.playchess.de"]
[Date "2001.04.03"]
[Round "2"]
[White "Brazil"]
[Black "hercos"]
[WhiteElo "1560"]
[BlackElo "1001"]
[PlyCount "24"]
[Result "0-1"]

1.d4 c6 {Onde você mora ?}  2.c4 d5 3.Nc3 {Sampa e 
vc ?}  Nf6 {Uberlandia-MG o que voce faz ?}  4.e3 
e6 5.Bd3 {trabalho e vc ?}  dxc4 {Curso eng. 
elétrica. Eu já morei em São Paulo.}  6.Bxc4 {que 
ano ?}  b5 {2. você freqüenta o clube de xadrez de 
SP ?}  7.Bd3 {não...meu nivel não permite...vc 
joga frequentemente ?}  a6 {Num clube você 
aprederá muito. Não há clube na minha cidade, jogo 
muito xadrez postal}  8.a3 {qual site ?}  Nbd7 
{iecg.org playchess.de http://207.21.192.104/chessclubs/asplogin.asp} 
 9.Nf3 Bb7 10.O-O c5 11.Be4 Nxe4 12.Nxe4 
Bxe4 0-1

[Event "HCL-B280"]
[Site "www.playchess.de"]
[Date "2001.04.03"]
[Round "6"]
[White "whatsleft2"]
[Black "jatimon"]
[WhiteElo "1885"]
[BlackElo "1200"]
[PlyCount "39"]
[Result "1-0"]

1.e4 {goodluck}  e5 2.Nf3 Nf6 3.Nxe5 Qe7 4.d4 c5 
5.Bc4 d5 6.exd5 Nxd5 7.Bxd5 Kd8 8.Qe2 Be6 9.Nxf7+ 
Bxf7 10.Qxe7+ Kxe7 11.Bxb7 cxd4 12.Bxa8 Bc4 {this 
is getting painful}  13.Nd2 Bb5 14.Nb3 {sometimes 
a bad situation just gets worse i lost a game 
earlier i just overlooked the next move}  d3 
15.Bg5+ Ke8 16.O-O-O h6 {ok, i see the mate threat 
of Rd8,  but I need to ask why O-O-O and not O-O}  
17.Rhe1+ {o-o-o put my a rook on d file then other 
rook to e1 with check it saved 1 move}  Kd7 18.Bf4 
Bc5 19.Nxc5+ Kd8 {crap, i need to look before I 
submit my move.  looks like I am feeding you 
pieces.  Bd6}  20.Nxd3 1-0

[Event "HCL-A127"]
[Site "www.playchess.de"]
[Date "2001.04.03"]
[Round "3"]
[White "One_i"]
[Black "DepthCharge"]
[WhiteElo "1709"]
[BlackElo "1505"]
[PlyCount "52"]
[Result "0-1"]

1.d4 {Good luck to you from New Brunswick}  Nf6 
{Good luck from Toronto! :)}  2.Nf3 g6 3.Bf4 Bg7 
4.e3 O-O 5.Bd3 d6 6.O-O c5 7.c3 Qb6 8.b3 Bg4 
9.Nbd2 Nd5 10.Qc2 Nxf4 11.exf4 cxd4 12.c4 Nc6 
13.a3 Rac8 14.h3 Bd7 15.f5 Ne5 16.fxg6 fxg6 
17.Rfe1 Nxd3 18.Qxd3 Bf5 19.Ne4 d5 20.cxd5 Rc3 
21.Qb1 {well, if I'm going to lose, am glad it's 
to a Canadian}  d3 {This game has a way to go yet 
I think.}  22.Ned2 Qc5 23.Ne4 Bxe4 24.Rxe4 Rc2 
25.Qe1 Bxa1 26.Kh2 Qc7+ 0-1

[Event "HCL-A122"]
[Site "www.playchess.de"]
[Date "2001.04.03"]
[Round "21"]
[White "jmcerna"]
[Black "Whatever"]
[WhiteElo "1631"]
[BlackElo "1535"]
[PlyCount "26"]
[Result "0-1"]

1.d4 Nf6 2.c4 g6 3.Nc3 d5 4.cxd5 Nxd5 5.Qb3 Nb6 
6.e4 Bg7 7.e5 Qxd4 8.Nf3 Qd8 9.Be2 Nc6 10.Bf4 Be6 
11.Qc2 Nd4 12.Nxd4 Qxd4 13.Be3 
Qxe5 0-1

[Event "HCL-B283"]
[Site "www.playchess.de"]
[Date "2001.04.03"]
[Round "2"]
[White "Lycanth"]
[Black "Savage"]
[WhiteElo "1242"]
[BlackElo "1435"]
[PlyCount "22"]
[Result "0-1"]

1.e4 {hello}  c5 {Hello}  2.Nf3 Nc6 3.d4 cxd4 
4.Nxd4 g6 5.Nc3 Bg7 6.Be3 Nf6 7.Bd3 O-O 8.Qd2 Qa5 
9.f4 Ng4 10.O-O Nxe3 11.Qxe3 Bxd4 0-1

[Event "HCL-C276"]
[Site "www.playchess.de"]
[Date "2001.04.03"]
[Round "4"]
[White "Lukas"]
[Black "MEATHEAD"]
[WhiteElo "542"]
[BlackElo "895"]
[PlyCount "51"]
[Result "1-0"]

1.e4 e5 2.f4 exf4 3.Nf3 f6 4.Bc4 Ne7 5.d4 Nbc6 
6.O-O d6 7.Nc3 Bg4 8.Bxf4 Qd7 9.h3 Bh5 10.Bg3 a6 
11.Qd2 Nd8 12.Rae1 b5 13.Bb3 Nf7 14.Qf4 O-O-O 
15.e5 g5 16.Qxf6 Bh6 17.Be6 Ng8 18.Bxd7+ Kxd7 
19.e6+ Kc8 20.Qf5 Ne7 21.Qd3 Bg6 22.Ne4 Ne5 
23.dxe5 dxe5 24.Qe3 Nf5 25.Qa7 Nxg3 
26.Qa8+ 1-0

[Event "HCL-A130"]
[Site "www.playchess.de"]
[Date "2001.04.03"]
[Round "7"]
[White "Lydeking"]
[Black "rhand"]
[WhiteElo "1661"]
[BlackElo "1700"]
[PlyCount "21"]
[Result "1-0"]

1.e4 Nf6 2.e5 Nd5 3.Nf3 d6 4.d4 Bg4 5.Be2 g6 6.Ng5 
Bxe2 7.Qxe2 e6 8.Qf3 Qe7 9.Ne4 Nd7 10.c4 N5b6 
11.Bg5 1-0

[Event "HCL-B281"]
[Site "www.playchess.de"]
[Date "2001.04.03"]
[Round "35"]
[White "soymilk"]
[Black "DrJon"]
[WhiteElo "1169"]
[BlackElo "1552"]
[PlyCount "20"]
[Result "0-1"]

1.Nf3 d5 {have a good game from cheyenne wyoming 
usa}  2.g3 {Thanks Dr. John. I checked out your 
website a bit, very nice!}  c6 3.Bg2 Nf6 4.O-O h6 
5.d3 Bf5 6.Re1 e6 7.Nbd2 Bc5 8.b3 Bxf2+ 9.Kxf2 
{Have to addmit, never seen this before. Let's see 
where it goes!}  Ng4+ {hope this works}  10.Kf1 
{It just might!}  Ne3+ 0-1

[Event "ACL-A154"]
[Site "www.playchess.de"]
[Date "2001.04.03"]
[Round "3"]
[White "showgun"]
[Black "Zeus"]
[WhiteElo "1500"]
[BlackElo "1500"]
[PlyCount "20"]
[Result "0-1"]

1.e4 e5 2.Nf3 Nf6 3.Bd3 d5 4.O-O dxe4 5.Qe1 exf3 
6.Qxe5+ Be7 7.Re1 fxg2 8.Nc3 Nc6 9.Qc5 O-O 10.Bb5 
Bxc5 {???}  0-1

[Event "HCL-B282"]
[Site "www.playchess.de"]
[Date "2001.04.03"]
[Round "10"]
[White "SAROS"]
[Black "whatsleft2"]
[WhiteElo "1273"]
[BlackElo "1887"]
[PlyCount "20"]
[Result "0-1"]

1.e4 {Hello from Istanbul}  d5 {goodluck  from 
texas usa}  2.exd5 Nf6 3.c4 e6 4.dxe6 Bxe6 5.Nf3 
Nc6 6.b3 Bc5 7.Be2 Qe7 8.O-O O-O-O 9.Re1 Ng4 10.d3 
Nxf2 0-1

[Event "HCL-C278"]
[Site "www.playchess.de"]
[Date "2001.04.03"]
[Round "4"]
[White "IQ"]
[Black "Dragusin"]
[WhiteElo "1275"]
[BlackElo "1000"]
[PlyCount "29"]
[Result "1-0"]

1.e4 e5 {Hi, dear friend}  2.Nf3 Bd6 3.d4 f6 
4.dxe5 fxe5 5.Bc4 Nc6 6.Ng5 Nh6 7.Qh5+ Kf8 8.Nf7 
Qe7 9.Nxh8 g6 10.Qxh6+ Ke8 11.Bg5 Qf8 12.Bf7+ Qxf7 
13.Nxf7 Kxf7 14.Qxh7+ Ke6 {Hi}  
15.Qg8+ 1-0

[Event "HCL-A124"]
[Site "www.playchess.de"]
[Date "2001.04.03"]
[Round "10"]
[White "myosotis1984"]
[Black "mrchess"]
[WhiteElo "1700"]
[BlackElo "1568"]
[PlyCount "20"]
[Result "0-1"]

1.e4 e5 {prettige partij}  2.Nf3 d6 3.Bc4 Nd7 4.d4 
c6 5.Nc3 h6 6.O-O Ngf6 7.Ne1 Be7 8.f4 exd4 9.Qxd4 
d5 10.exd5 Bc5 0-1

[Event "ACL-M001"]
[Site "www.playchess.de"]
[Date "2001.04.03"]
[Round "1"]
[White "Nils"]
[Black "mhansen"]
[WhiteElo "1858"]
[BlackElo "1943"]
[PlyCount "128"]
[Result "0-1"]

1.e4 e5 2.Nf3 Nc6 3.Bc4 Bc5 4.d3 Nf6 5.Nc3 O-O 
6.Bg5 Be7 7.O-O d6 8.a3 Bg4 9.h3 Bxf3 10.Qxf3 Nd4 
11.Qd1 c6 12.Ba2 Ne6 13.Be3 Re8 14.Bxe6 fxe6 
15.Qf3 d5 16.Bc1 Rf8 17.Qg3 Qc7 18.Re1 Bc5 19.Nd1 
Nh5 20.Qg5 Qf7 21.Be3 Bd6 22.Bd2 a5 23.a4 b6 
24.Rb1 Nf4 25.Nc3 Bc5 26.Nd1 Bb4 27.Bxb4 axb4 
28.exd5 exd5 29.Rxe5 Rxa4 30.Re7 Qf6 31.Qxf6 Rxf6 
32.Ne3 h5 33.Kh2 b3 34.cxb3 Rb4 35.Ra1 Rxb3 
36.Raa7 Rg6 37.Re8+ Kh7 38.Raa8 Rf6 39.g4 Rxb2 
40.Kg3 h4+ 41.Kxh4 Rxf2 42.Kg3 Ne2+ 43.Kh4 Nd4 
44.Rab8 R2f3 45.Nf5 Nxf5+ 46.gxf5 R3xf5 47.Rxb6 
R5f4+ 48.Kg3 R4f3+ 49.Kg2 Rxd3 50.Rc8 Rc3 51.Rc7 
d4 52.Ra6 Rc2+ 53.Kg3 d3 54.Rd7 d2 55.Ra8 Rc3+ 
56.Kg2 Rg6+ 57.Kf1 Rc2 58.Rad8 Rg2 59.Re7 Rh2 
60.Kg1 Rxh3 61.Rdd7 Rg3+ 62.Kf1 Rg5 63.Ref7 Ra2 
64.Rfe7 c5 0-1

[Event "HCL-A064"]
[Site "www.playchess.de"]
[Date "2001.04.04"]
[Round "21"]
[White "Tassiac"]
[Black "tim_danieli"]
[WhiteElo "1560"]
[BlackElo "1761"]
[PlyCount "43"]
[Result "1-0"]

1.d4 d5 {hi!}  2.Nf3 e6 3.Bg5 f6 4.Bh4 {Hi Tim, 
have a good game!}  Nc6 {hi, let's have a good 
game!}  5.h3 Bd6 6.Nc3 Nge7 7.e4 Bb4 8.Bd3 a6 
9.O-O b6 10.Ne2 O-O 11.c3 Bd6 12.Re1 Re8 13.Rc1 
Bb7 14.Bg3 Ng6 15.Qc2 Nce7 16.e5 fxe5 17.dxe5 Bc5 
18.Ned4 Nf8 19.Bh4 Qd7 20.Rcd1 Rac8 21.Qb1 Neg6 
22.Bg3 1-0

[Event "HCL-B055"]
[Site "www.playchess.de"]
[Date "2001.04.04"]
[Round "4"]
[White "Jake_Curtis"]
[Black "lostpawn2000"]
[WhiteElo "1312"]
[BlackElo "1697"]
[PlyCount "172"]
[Result "1/2-1/2"]

1.e4 c6 2.d4 d5 3.e5 Bf5 4.Nf3 e6 5.Nc3 c5 6.Be3 
Ne7 7.dxc5 Nec6 8.Bd4 Nd7 9.Na4 b5 10.Bxb5 Rc8 
11.Bxc6 Rxc6 12.b4 Ra6 13.c3 Be7 14.h3 h6 15.a3 
O-O 16.O-O Nb8 17.Re1 Rc6 18.b5 Rc8 19.c6 Qa5 
20.Qb3 Bd3 21.Nc5 Bxc5 22.Bxc5 Rfe8 23.Nd4 a6 
24.bxa6 Qxa6 25.c7 Rxc7 26.Bd6 Rb7 27.Qd1 Rc8 
28.Bb4 Qc4 29.Re3 Bh7 30.Rg3 h5 31.Qxh5 Na6 32.Qg4 
Bg6 33.Nxe6 Qxg4 34.Rxg4 Bf5 35.Rxg7+ Kh8 36.Nd4 
Bg6 37.Rxg6 fxg6 38.e6 Nxb4 39.cxb4 Kg7 40.g4 Rc4 
41.Nb3 Ra7 42.Na5 Re4 43.Nc6 Rc7 44.b5 Rxe6 45.Rd1 
Rd6 46.a4 Rb7 47.Rb1 d4 48.Na5 Rb8 49.Nc4 Rd5 
50.Rd1 d3 51.Rd2 Rd4 52.Nb2 Rbd8 53.Kf1 g5 54.b6 
Rb8 55.a5 Rd7 56.Nxd3 Ra8 57.b7 Rxb7 58.Nc5 Rb1+ 
59.Kg2 Rxa5 60.Ne4 Rb6 61.Kg3 Rb3+ 62.f3 Re5 
63.Re2 Rd3 64.Kf2 Kg6 65.Kg2 Kf7 66.Kf2 Red5 
67.Kg3 Kg6 68.Nf2 Rb3 69.h4 gxh4+ 70.Kxh4 Rxf3 
71.Rc2 Rd7 72.Rc6+ Rf6 73.Rxf6+ Kxf6 74.Nh3 Kg6 
75.Nf4+ Kf6 76.Nh5+ Ke5 77.Kg3 Rd3+ 78.Kh4 Rd4 
79.Kg5 Ke4 80.Nf6+ Ke5 81.Kg6 Ke6 82.g5 Rh4 83.Kg7 
Kf5 84.g6 Rh3 85.Nh7 Rg3 86.Nf8 
Rg4 1/2-1/2

[Event "HCL-B102"]
[Site "www.playchess.de"]
[Date "2001.04.04"]
[Round "3"]
[White "dmitry"]
[Black "kherubim"]
[WhiteElo "1347"]
[BlackElo "1617"]
[PlyCount "70"]
[Result "0-1"]

1.e4 e5 2.Nf3 Nf6 3.Nxe5 d6 4.Nf3 Nxe4 5.d4 d5 
6.Bf4 Bd6 7.Bxd6 Qxd6 8.Nbd2 O-O 9.Bd3 Nxd2 
10.Qxd2 Re8+ 11.Be2 Qe7 12.Ne5 f6 13.Nd3 Qe4 
14.Nf4 g5 15.Nh5 Qxe2+ 16.Qxe2 Rxe2+ 17.Kxe2 Bg4+ 
18.Kd2 Bxh5 19.Rhe1 Nc6 20.c3 Kf7 21.Re3 Rd8 
22.Rae1 Rd7 23.f3 Bg6 24.b3 Re7 25.R3xe7+ Nxe7 
26.g4 h5 27.h3 f5 28.c4 h4 29.Re5 fxg4 30.fxg4 Kf6 
31.cxd5 Bf7 32.Kd3 Bxd5 33.Kd2 Bg2 34.Re3 Nd5 
35.Rd3 Nf4 0-1

[Event "HCL-B142"]
[Site "www.playchess.de"]
[Date "2001.04.04"]
[Round "26"]
[White "supercazzola"]
[Black "cobra"]
[WhiteElo "1500"]
[BlackElo "1200"]
[PlyCount "53"]
[Result "1-0"]

1.d4 d5 2.c4 g6 3.cxd5 Qxd5 4.Nc3 Qd6 5.Nf3 Bd7 
6.e4 Bg4 {Nice to be back}  7.Nd5 Nc6 8.Bf4 Qd7 
9.Nxc7+ Kd8 10.Nxa8 e6 11.a3 Nge7 12.Nc7 a6 
13.Bxa6 bxa6 14.Nxa6 Bg7 15.Nc5 Qa7 16.b4 Kc8 
17.O-O Nxd4 18.Rc1 Nec6 19.e5 Rd8 {where have you 
been for the last month}  20.Nd3 Nxf3+ 21.gxf3 Bh3 
22.Re1 {on holiday}  Qb6 23.Qc2 Kb7 24.Be3 Qb5 
25.a4 Qb6 {golf}  26.Bxb6 Kxb6 
27.Qxc6+ 1-0

[Event "HCL-C148"]
[Site "www.playchess.de"]
[Date "2001.04.04"]
[Round "17"]
[White "surak"]
[Black "Buziness"]
[WhiteElo "1235"]
[BlackElo "1001"]
[PlyCount "41"]
[Result "1-0"]

1.e4 d5 2.exd5 Qxd5 3.Nc3 Qe5+ 4.Be2 Nc6 5.Nf3 Qf6 
6.d4 Qg6 7.O-O Bh3 8.Nh4 Qf6 9.Nf3 Qg6 10.Nh4 e6 
11.Nxg6 hxg6 12.gxh3 Rxh3 13.Bg4 Rh4 14.Bg5 Rh8 
15.Re1 Bd6 16.Nd5 Bxh2+ 17.Kg2 Nge7 18.Nxe7 Nxe7 
19.Rh1 f6 20.Be3 f5 21.Bf3 1-0

[Event "ACL-A067"]
[Site "www.playchess.de"]
[Date "2001.04.04"]
[Round "15"]
[White "SpiderP"]
[Black "Deppenhaufen"]
[WhiteElo "1500"]
[BlackElo "1500"]
[PlyCount "84"]
[Result "0-1"]

1.Nf3 Nf6 2.d4 d5 3.c4 c6 4.Nc3 dxc4 5.a4 Bf5 6.e3 
e6 7.Bxc4 Bb4 8.O-O O-O 9.Nh4 Nbd7 10.Nxf5 exf5 
11.Bd3 Qa5 12.Qc2 g6 13.f3 Rfe8 14.Qb3 Qb6 15.Bc4 
Re7 16.Na2 Bd6 17.Bd2 f4 18.Rfe1 fxe3 19.Bxe3 Rae8 
20.Bf2 Qxb3 21.Bxb3 R7e2 22.Rxe2 Rxe2 23.Rb1 Bxh2+ 
24.Kxh2 Rxf2 25.Re1 Rxb2 26.Bc4 Nb6 27.Rc1 Nxc4 
28.Rxc4 Rxa2 29.Rb4 b6 30.Rc4 Nd5 31.Rxc6 Rxa4 
32.Rc8+ Kg7 33.Rc2 Rxd4 34.g3 a5 35.f4 a4 36.Rb2 
a3 37.Ra2 Ra4 38.Kg2 Nb4 39.Ra1 a2 40.Kf3 Nc2 
41.Rc1 a1Q {%}  42.Rxa1 Rxa1 0-1

[Event "ACL-E004"]
[Site "www.playchess.de"]
[Date "2001.04.04"]
[Round "17"]
[White "oliver"]
[Black "GoodKnight"]
[WhiteElo "2024"]
[BlackElo "2353"]
[PlyCount "113"]
[Result "1-0"]

1.e4 c5 2.c3 Nf6 3.e5 Nd5 4.d4 cxd4 5.Nf3 Nc6 
6.Bc4 Nb6 7.Bb3 d6 {Longest chess move I have ever 
made.}  8.exd6 Qxd6 9.O-O d3 10.Na3 Bf5 11.Nb5 Qd8 
12.Bf4 Rc8 13.Nh4 Nd5 14.Bg5 Qd7 15.Re1 Be6 
16.Qxd3 a6 17.Na3 h6 18.Bd2 g5 19.Nf3 Bg7 20.Rad1 
Rd8 21.Qe4 Qc7 22.Nc2 Nf6 23.Qa4 Bxb3 24.Qxb3 e6 
25.Nb4 Nxb4 26.Qxb4 Nd5 27.Qa4+ Rd7 28.h4 Nb6 
29.Qg4 Qc4 30.Qg3 Qxa2 31.hxg5 Qd5 32.gxh6 Bxh6 
33.Bxh6 Qxd1 34.Bg7 Rh5 35.Qg4 Qd5 36.Bf6 Re7 
37.Ng5 Qd2 38.Rd1 Rh4 39.Qf3 Qf4 40.Bxe7 Kxe7 
41.Qxb7+ Kf6 42.Nf3 Rg4 43.Nh2 Nd5 44.Nxg4+ Qxg4 
45.Rd3 Nf4 46.Qf3 Qf5 47.Rd1 e5 48.g3 Nh3+ 49.Kg2 
Qxf3+ 50.Kxf3 Ng5+ 51.Ke3 Ke7 52.Ra1 f5 53.Rxa6 
Ne4 54.f4 Nxg3 55.fxe5 Ne4 56.Kf4 Nc5 
57.Rb6 1-0

[Event "HCL-B148"]
[Site "www.playchess.de"]
[Date "2001.04.04"]
[Round "8"]
[White "BuckNaked"]
[Black "ignomonius"]
[WhiteElo "1422"]
[BlackElo "1500"]
[PlyCount "35"]
[Result "1-0"]

1.e4 d5 2.exd5 Qxd5 3.Nc3 Qa5 4.Nf3 Nf6 5.d4 Bg4 
6.h3 Bh5 7.g4 Bg6 8.Bd2 c6 9.Bc4 e6 10.O-O Bd6 
11.Ne4 Qc7 12.Nxd6+ Qxd6 13.Re1 O-O 14.c3 Nbd7 
15.Nh4 Be4 16.g5 Nh5 17.Rxe4 Nb6 
18.Bxe6 1-0

[Event "ACL-A081"]
[Site "www.playchess.de"]
[Date "2001.04.04"]
[Round "5"]
[White "Buziness"]
[Black "Edik"]
[WhiteElo "1004"]
[BlackElo "1501"]
[PlyCount "80"]
[Result "0-1"]

1.e4 c6 2.Bc4 d5 3.exd5 cxd5 4.Bb5+ Bd7 5.Na3 Bxb5 
6.Nxb5 Nc6 7.d3 Nf6 8.Bf4 Qa5+ 9.Nc3 d4 10.Bd2 
dxc3 11.Bxc3 Qd5 12.Nf3 e6 13.O-O Be7 14.Re1 O-O 
15.Ne5 Nd4 16.Bxd4 Qxd4 17.Qf3 Qd5 18.Qf4 Bd6 
19.d4 Nd7 20.Rad1 f6 21.Qe3 fxe5 22.dxe5 Bc5 
23.Qg3 Qc6 24.Ref1 Rf5 25.Rde1 Raf8 26.h3 Bd4 
27.c3 Bxe5 28.f4 Bxf4 29.Rxf4 R5xf4 30.Qe3 Qc5 
31.Kh2 Qxe3 32.Rxe3 Nc5 33.b4 Re4 34.Rg3 Na4 35.a3 
Rc4 36.b5 Rxc3 37.Rg4 Rxa3 38.h4 Nc3 39.h5 h6 
40.Kh3 Nd5+ 0-1

[Event "HCL-A068"]
[Site "www.playchess.de"]
[Date "2001.04.04"]
[Round "29"]
[White "stud"]
[Black "paule"]
[WhiteElo "1180"]
[BlackElo "1910"]
[PlyCount "38"]
[Result "0-1"]

1.e4 e6 2.d4 d5 3.exd5 exd5 4.Bd3 Bd6 5.Nf3 Nc6 
6.c3 Bg4 7.Be3 Nge7 8.Nbd2 Qd7 9.h3 Bf5 10.Qc2 
O-O-O 11.O-O-O Bxd3 12.Qxd3 Nf5 13.Rde1 Rde8 
14.Re2 Rxe3 15.Rxe3 Nxe3 16.fxe3 f5 17.Nh4 g6 
18.Ndf3 Bg3 19.Rd1 Re8 0-1

[Event "HCL-B157"]
[Site "www.playchess.de"]
[Date "2001.04.04"]
[Round "6"]
[White "paard"]
[Black "PieceSeeker"]
[WhiteElo "1521"]
[BlackElo "1337"]
[PlyCount "76"]
[Result "0-1"]

1.e4 e5 2.Nf3 Nc6 3.Bb5 d6 4.d4 a6 5.Ba4 Nf6 
6.dxe5 Nxe4 7.exd6 Bxd6 8.O-O O-O 9.Nbd2 Nf6 10.c3 
b5 11.Bc2 Bg4 12.h3 Bh5 13.Ne4 Ne5 14.Nxf6+ Qxf6 
15.Be4 Nxf3+ 16.Bxf3 Rad8 17.Qe2 Rfe8 18.Be3 Qe5 
19.g3 Bxf3 20.Qxf3 Qe6 21.Kg2 Qg6 22.Rad1 h5 
23.Rd4 Re6 24.Rfd1 Rde8 25.Bf4 R6e1 26.Bxd6 Rxd1 
27.Qxd1 cxd6 28.Rxd6 Re6 29.Rxe6 Qxe6 30.Qb3 Qe4+ 
31.Kf1 Qh1+ 32.Ke2 Qxh3 33.c4 Qg4+ 34.Qf3 Qxc4+ 
35.Qd3 Qxa2 36.Qd8+ Kh7 37.Qd4 Qe6+ 38.Kd3 
g5 0-1

[Event "HCL-B163"]
[Site "www.playchess.de"]
[Date "2001.04.04"]
[Round "5"]
[White "Zeus"]
[Black "rikkirich"]
[WhiteElo "1676"]
[BlackElo "1417"]
[PlyCount "45"]
[Result "1-0"]

1.e4 c5 2.c3 d6 3.d4 cxd4 4.cxd4 e6 5.Nc3 Be7 
6.Nf3 Nc6 7.d5 exd5 8.exd5 Nb8 9.Bb5+ Bd7 10.Qe2 
Nf6 11.O-O O-O 12.Bf4 {So... you are still alive}  
Re8 {yes sorry my key bd broke need to buy new one 
and had to take back because it was not working.}  
13.Rfe1 {I see}  Bf8 14.Qd3 {Amazing.  You and 
lulu move at the same time and disappear the same 
amount of time!}  a6 {lulu?}  15.Rxe8 
{Yes...lulu.}  Bxe8 16.Bxe8 Nxe8 17.Nd4 g6 18.Re1 
Nd7 19.Qd2 Bg7 20.Bh6 Nef6 21.Bxg7 Kxg7 22.Nf3 h6 
23.Nd4 1-0

[Event "HCL-A072"]
[Site "www.playchess.de"]
[Date "2001.04.04"]
[Round "20"]
[White "Fuky"]
[Black "sazex"]
[WhiteElo "1700"]
[BlackElo "1845"]
[PlyCount "21"]
[Result "1-0"]

1.e4 {CAUKY}  e5 {Tak tobe nestzci ze te prohanim 
na Stan net chess}  2.Nf3 {Ne Ne Ja se lepsim 
pozor na mne o)}  Nc6 3.Bb5 {A jakou tam mas 
presdivku?}  a6 {sparta}  4.Ba4 {Uh Sparta? Mam co 
vracet jinak ty tahy jsou nejak omezeny casem? 
Ptam se kvuli par partiim porad ple}  Nf6 {je to 
omezene. Za kazdy tah dostanes 2 dny.}  5.O-O Be7 
6.Re1 {Jak se mas}  b5 {Jde to}  7.Bb3 O-O 8.c3 
{Hrajes na network chess?}  Bb7 {to asi neznam . 
Jaka je adresa?}  9.d4 {chessnetwork.com zahrajes 
si i z VM}  Na5 {Ta adresa je nejaka divna. Je 
urcite spravne?}  10.Bc2 {Sorry 
worldchessnetwork.com}  exd4 {Tu znam, ale jest 
nikdy se mnou zadnej GM nebo IM nechtel hrat.}  
11.cxd4 1-0

[Event "HCL-C165"]
[Site "www.playchess.de"]
[Date "2001.04.04"]
[Round "16"]
[White "carmenE"]
[Black "Translightor"]
[WhiteElo "1000"]
[BlackElo "1408"]
[PlyCount "63"]
[Result "1-0"]

1.e4 c5 {Welcome, Miss Playchess! Good Luck!}  
2.Nf3 {Thanks!}  Nf6 3.e5 Nd5 4.c4 Nb6 5.d4 cxd4 
6.Bf4 e6 7.Nxd4 Bb4+ 8.Nc3 Nc6 9.Ndb5 O-O 10.a3 
Bxc3+ 11.Nxc3 f6 12.c5 fxe5 13.Bg3 Qe7 14.cxb6 d5 
15.bxa7 Rxa7 16.Bd3 e4 17.Bc2 b6 18.O-O g6 19.Nxe4 
dxe4 20.Bd6 Qf6 21.Bxf8 Qxf8 22.Bxe4 Ne5 23.Qb3 
Rf7 24.Qxb6 Rf4 25.Rfd1 Bd7 26.f3 Rf6 27.Qc7 Rf7 
28.Qxe5 Qh6 29.Rxd7 Qe3+ 30.Kf1 Rxd7 31.Qxe6+ Rf7 
32.Bd5 1-0

[Event "HCL-C174"]
[Site "www.playchess.de"]
[Date "2001.04.04"]
[Round "7"]
[White "Phlo"]
[Black "yaroslav"]
[WhiteElo "1000"]
[BlackElo "1000"]
[PlyCount "97"]
[Result "1-0"]

1.e4 {Hi.}  c5 2.d4 cxd4 3.Qxd4 Nc6 4.Qc4 d6 5.Nf3 
e6 6.Nc3 d5 7.exd5 exd5 8.Nxd5 Be6 9.Qb5 Bxd5 
10.Qxb7 Nb4 11.Qb5+ Bc6 12.Qe5+ Qe7 13.Qxe7+ Bxe7 
14.Nd4 O-O-O 15.Nxc6 Nxc6 16.Bb5 Bb4+ 17.c3 Re8+ 
18.Be3 Re6 19.cxb4 Nxb4 20.O-O-O Nxa2+ 21.Kb1 Nb4 
22.Bd7+ Kc7 23.Bxe6 fxe6 24.Bxa7 Nf6 25.Rd4 Nbd5 
26.Rc1+ Kb7 27.Ra4 Ra8 28.Rc5 Nd7 29.Rb5+ N7b6 
30.Rg4 Rxa7 31.Rxg7+ Ka6 32.Rxa7+ Kxa7 33.g4 h6 
34.h4 Nf4 35.g5 h5 36.Rb4 e5 37.f3 Kb7 38.Rb5 Nd3 
39.g6 Ka6 40.Rxb6+ Kxb6 41.g7 Kc5 42.g8Q {%}  Kd4 
43.Qd8+ Ke3 44.Qg5+ Kxf3 45.Qxh5+ Kg2 46.Qe2+ Kg3 
47.Qxd3+ Kxh4 48.Qg6 Kh3 49.Kc2 1-0

[Event "HCL-A074"]
[Site "www.playchess.de"]
[Date "2001.04.04"]
[Round "33"]
[White "Eaglewingz"]
[Black "mrchess"]
[WhiteElo "1383"]
[BlackElo "1591"]
[PlyCount "83"]
[Result "1-0"]

1.e4 {Hello again. Good luck}  e5 {hi there, godd 
luck to you alsoo}  2.Nf3 Nf6 3.Nxe5 d6 4.Nf3 Nxe4 
5.d4 d5 6.Bd3 Bg4 7.O-O Be7 8.c4 Nf6 9.Nc3 O-O 
10.Re1 Nc6 11.cxd5 Nxd5 12.h3 Be6 13.a3 Bf6 14.Be4 
Nxc3 15.bxc3 Na5 16.Rb1 c6 17.Qc2 g6 18.Bf4 Bd5 
19.Bxd5 Qxd5 20.Be5 Bd8 21.Nd2 b6 22.c4 Qd7 23.Nb3 
Nxb3 24.Qxb3 Bc7 25.Rbd1 Bxe5 26.dxe5 Qe7 27.Rd6 
c5 28.Qd3 Rad8 29.Rd1 Rxd6 30.exd6 Qd7 31.Re1 Rd8 
32.Re7 Qxd6 33.Re8+ Kg7 {what a mistake}  34.Rxd8 
{yeah..Re8 was kind of a cheapo}  Qf6 35.Qd6 Qa1+ 
36.Kh2 Qc1 37.Qf8+ Kf6 38.Rd6+ Kg5 39.Rd5+ f5 
40.Qe7+ Kh6 41.Qh4+ Kg7 42.Rd7+ 1-0

[Event "HCL-A075"]
[Site "www.playchess.de"]
[Date "2001.04.04"]
[Round "11"]
[White "Sd_68"]
[Black "Gorodish"]
[WhiteElo "1748"]
[BlackElo "1699"]
[PlyCount "66"]
[Result "0-1"]

1.e4 {Good luck}  c5 {also, greetings from 
germany}  2.c3 d5 3.exd5 Qxd5 4.Nf3 Nc6 5.Bb5 Bg4 
6.O-O Bxf3 7.Qxf3 Qxf3 8.gxf3 Rc8 9.d4 cxd4 
10.cxd4 e6 11.Re1 Bb4 12.Nc3 a6 13.Bxc6+ Rxc6 
14.d5 Rxc3 15.Re4 Rc7 16.Rxb4 exd5 17.Bf4 Rd7 
18.Re1+ Kd8 19.Rd4 Ne7 20.Bd2 Nc6 21.Rg4 f5 
22.Bg5+ Kc7 23.Bf4+ Kb6 24.Rg5 g6 25.h4 Rf8 26.Re6 
d4 27.h5 gxh5 28.Rxh5 Kc5 29.b3 Rff7 30.Bd2 Kd5 
31.Re4 Ne5 32.Rf4 Ke6 33.Rh3 Ng6 0-1